| 000 | 00956nam a2200193Ii 4500 | ||
|---|---|---|---|
| 003 | JO-AjNU | ||
| 008 | 230605s9999||||xx |||||||||||||| ||und|| | ||
| 040 |
_aJO-AjNU _bara _erda _cJO-AjNU |
||
| 041 | _aara | ||
| 050 | 1 | 4 | _aHV40 2003 |
| 100 | 3 |
_aتحت رعاية: مفيد شهاب، عمرو عزت سلامة ؛ رئيس المؤتمر: رشاد احمد عبد اللطيف ؛ امين عام المؤتمر: محمد رفعت قاسم, _eauthor _940525 |
|
| 245 | 0 | 0 | _aالمؤتمر العلمي السادس عشر عالمية الخدمة الاجتماعية وخصوصية الممارسة 19-2003/3/20 مج2 |
| 264 | 3 | 1 | _aالقاهرة: كلية الخدمة الاجتماعية، 2003 |
| 300 |
_aمج2، 625ص _bيحتوي على ببلوغرافية من 624-625ص |
||
| 336 |
_atext _btxt _2rdacontent |
||
| 337 |
_aunmediated _bn _2rdamedia |
||
| 338 |
_avolume _bnc _2rdacarrier |
||
| 650 | 4 |
_a الخدمة الاجتماعية _940526 |
|
| 999 |
_aA17205 _c20773 _d20773 |
||